000 nam a22 a 4500
999 _c121730
_d121730
003 BLK
005 20221124162119.0
008 180409b bul|||||r ||||||| ||bul||
040 _aBLK
041 _aBUL
_cBUL
080 _aБългарска литература
_b821.163.2
_x-311.6
_z821.163.2-311.6
100 1 _aАнтонова, Неда Монова
_eпърви автор
_9369311
139 _aАнтонова, Неда Монова
245 1 0 _aВойната свърши в четвъртък
_bРоман
_cНеда Антонова.
257 _aBGR
260 _aСофия
_bОФ
_c1979
300 _a303 с.
_c21 см
380 _aX
490 _aБългарски исторически романи
_9203185
653 _aисторически романи
852 _aЦб 96715
_bЦб
856 _i0.00
_ldisable
942 _cKNG
_n0
_01
_s1
944 _aCR
_c14.02.2012
_l14.02.2012 - от С1,Р / 14.02.2012
_kВиолета_Тройчева
944 _aED
_c2022-11-23
999 _d121730